Movies Quiz

Random Movies Quiz

Name The Villain From Memorable Death Scene? Pt. 1 Quiz Stats

Quiz not verified by Sporcle

Challenge
Share
Tweet
Embed
Score 0/8 Timer 05:00
0 Plays Today
Hint Answer % Correct
After putting his enforcer's son through pain in front of him he is picked up and thrown down a giant shaft.The Emperor
78.8%
Unsuccessful in capturing his family, this character sits and dies in the snow.Jack Torrence
42.4%
While trying to fight for posession of ancient rocks he falls into the river below and is eaten by crocodiles.Mola Ram
42.4%
After being hit by canon shrapnel he says 'Thank God, I die a true American' before his enemy's son stabs him.Bill the Butcher
30.3%
After doing business with a docter of sorts he is shot in the heart with a consealed firearm.Calvin Candie
27.3%
A gunfight culminating at the the end of a treasure hunt, he is out drawn by a man with no name. Angel Eyes
12.1%
Whilst somone is preaching about being good, this character is shot unregretfully by the leading man in spandex.Ajax
9.1%
After murdering a young girl he starts to make demands for his son but is just shot in the face.Captain Vidal
3%

You're not logged in!

Compare scores with friends on all Sporcle quizzes.
Join for Free
OR
Log In

You Might Also Like...

Show Comments

Extras

Created Jan 27, 2017ReportNominate
Tags:death, description, memorable, scene

Top Quizzes Today


Score Distribution

Your Account Isn't Verified!

In order to create a playlist on Sporcle, you need to verify the email address you used during registration. Go to your Sporcle Settings to finish the process.

Report this User

Report this user for behavior that violates our Community Guidelines.

Details: